Piccoli gay crescono

Uloženo v:
Podrobná bibliografie
Hlavní autor: Cohen Jaffe
Médium: Kniha
Jazyk:neznámý jazyk
Vydáno: Milano Feltrinelli 1996
Tagy: Přidat tag
Žádné tagy, Buďte první, kdo vytvoří štítek k tomuto záznamu!

MARC

LEADER 00000nam a2200000Ia 4500
001 787
003 NUMERAZIONE-ORIGINALE-BRESCIA
005 20260206230754.0
008 260206s9999 xx 000 0 und d
100 |a Cohen Jaffe 
245 0 |a Piccoli gay crescono 
260 |a Milano 
260 |b Feltrinelli 
260 |c 1996 
500 |a Per una beata educazione all'omosessualità felice 
500 |a Universale economica/Onde 
942 |2 ddc  |c BK  |n 0 
952 |0 0  |1 0  |2 ddc  |4 0  |6 12  |7 0  |9 28671  |a BS  |b BS  |d 2026-02-06  |i 787  |l 0  |o 1-2-*  |r 2026-02-06 22:40:40  |w 2026-02-06  |x [REVISIONARE]  |y BK 
999 |c 24329  |d 24329